| 000 -LEADER |
| fixed length control field |
00572nam a2200193 a 4500 |
| 001 - CONTROL NUMBER |
| control field |
1259 |
| 003 - CONTROL NUMBER IDENTIFIER |
| control field |
BD-DhUAP |
| 005 - DATE AND TIME OF LATEST TRANSACTION |
| control field |
20201202110424.0 |
| 008 - FIXED-LENGTH DATA ELEMENTS--GENERAL INFORMATION |
| fixed length control field |
201105s1996 ii 000 0 eng d |
| 040 ## - CATALOGING SOURCE |
| Original cataloging agency |
EXC |
| Transcribing agency |
EXC |
| Modifying agency |
ORU |
| -- |
BAKER |
| -- |
BD-DhUAP |
| Language of cataloging |
Eng |
| 082 00 - DEWEY DECIMAL CLASSIFICATION NUMBER |
| Classification number |
516.06 KHA |
| Edition number |
23 |
| 100 ## - MAIN ENTRY--PERSONAL NAME |
| Personal name |
Khanna, M. L. |
| 245 10 - TITLE STATEMENT |
| Title |
Solid geometry : |
| Remainder of title |
co-ordinate geometry of three dimensions... / |
| Statement of responsibility, etc. |
M. L. Khanna. |
| 250 ## - EDITION STATEMENT |
| Edition statement |
22th ed. |
| 260 ## - PUBLICATION, DISTRIBUTION, ETC. |
| Place of publication, distribution, etc. |
Meerut : |
| Name of publisher, distributor, etc. |
Jai Prakash Nath & Co., |
| Date of publication, distribution, etc. |
c1996. |
| 300 ## - PHYSICAL DESCRIPTION |
| Extent |
various pages : |
| Other physical details |
illustrations ; |
| Dimensions |
22 cm. |
| 650 ## - SUBJECT ADDED ENTRY--TOPICAL TERM |
| Topical term or geographic name entry element |
Geometry. |
| 942 ## - ADDED ENTRY ELEMENTS (KOHA) |
| Source of classification or shelving scheme |
|
| Koha item type |
Book |